[Event "Classic Open"]
[Site "Estonia Resort Hotel & Spa conference center, Parnu, EE"]
[Date "2025.08.11"]
[Round "1"]
[White "Krustkalns, Kristaps"]
[Black "Kazakouski, Valery"]
[Result "0-1"]
[Board "1"]
[WhiteFideId "11602686"]
[BlackFideId "13507443"]
[WhiteTitle "FM"]
[BlackTitle "GM"]
[WhiteElo "2098"]
[BlackElo "2584"]
[WhiteTeam "LAT"]
[BlackTeam "LTU"]
[WhiteClock "0:10:59"]
[BlackClock "0:28:59"]
[Variant "Standard"]

1. e4 {[%clk 1:30:56]}  c5 {[%clk 1:30:52]} 2. Nf3 {[%clk 1:31:13]}  d6 {[%clk 1:31:16]} 3. d4 {[%clk 1:31:12]}  cxd4 {[%clk 1:31:38]} 4. Nxd4 {[%clk 1:31:27]}  Nf6 {[%clk 1:32:02]} 5. Nc3 {[%clk 1:31:45]}  a6 {[%clk 1:32:06]} 6. h3 {[%clk 1:31:53]}  e5 {[%clk 1:32:13]} 7. Nde2 {[%clk 1:32:07]}  h5 {[%clk 1:31:53]} 8. g3 {[%clk 1:32:16]}  Be6 {[%clk 1:32:03]} 9. Bg2 {[%clk 1:32:17]}  Nbd7 {[%clk 1:31:16]} 10. a4 {[%clk 1:31:17]}  Be7 {[%clk 1:24:42]} 11. f4 {[%clk 1:26:43]}  Rc8 {[%clk 1:06:49]} 12. b3 {[%clk 1:11:18]}  Nf8 {[%clk 1:04:58]} 13. f5 {[%clk 1:05:33]}  Bd7 {[%clk 1:05:17]} 14. Be3 {[%clk 1:05:14]}  Bc6 {[%clk 1:00:01]} 15. a5 {[%clk 1:01:27]}  N8d7 {[%clk 0:59:27]} 16. Bg5 {[%clk 0:54:39]}  b5 {[%clk 0:38:21]} 17. b4 {[%clk 0:42:21]}  Bb7 {[%clk 0:38:07]} 18. Rb1 {[%clk 0:34:14]}  Rc4 {[%clk 0:38:05]} 19. Qd3 {[%clk 0:33:17]}  d5 {[%clk 0:34:44]} 20. exd5 {[%clk 0:31:08]}  Bxb4 {[%clk 0:34:33]} 21. O-O {[%clk 0:29:44]}  Qxa5 {[%clk 0:34:18]} 22. Bd2 {[%clk 0:25:48]}  O-O {[%clk 0:30:31]} 23. Kh1 {[%clk 0:24:16]}  Rfc8 {[%clk 0:29:59]} 24. Ne4 {[%clk 0:11:54]}  Rxe4 {[%clk 0:28:58]} 25. c3 {[%clk 0:11:02]}  Bd6 {[%clk 0:28:37]} 26. Bxe4 {[%clk 0:10:59]}  Nc5 {[%clk 0:28:59]} 0-1

[Event "Classic Open"]
[Site "Estonia Resort Hotel & Spa conference center, Parnu, EE"]
[Date "2025.08.11"]
[Round "1"]
[White "Bogner, Sebastian"]
[Black "Bindrich, Oswald"]
[Result "1-0"]
[Board "2"]
[WhiteFideId "4692055"]
[BlackFideId "4633024"]
[WhiteTitle "GM"]
[WhiteElo "2552"]
[BlackElo "2083"]
[WhiteTeam "SUI"]
[BlackTeam "GER"]
[WhiteClock "0:32:01"]
[BlackClock "0:10:23"]
[Variant "Standard"]

1. d4 {[%clk 1:30:56]}  Nf6 {[%clk 1:30:48]} 2. c4 {[%clk 1:31:19]}  g6 {[%clk 1:31:09]} 3. Nc3 {[%clk 1:31:42]}  Bg7 {[%clk 1:31:34]} 4. e4 {[%clk 1:32:08]}  d6 {[%clk 1:31:59]} 5. Be2 {[%clk 1:32:33]}  O-O {[%clk 1:31:32]} 6. Be3 {[%clk 1:31:49]}  Nc6 {[%clk 1:29:42]} 7. d5 {[%clk 1:32:41]}  Ne5 {[%clk 1:29:38]} 8. f4 {[%clk 1:32:02]}  Neg4 {[%clk 1:27:20]} 9. Bd2 {[%clk 1:32:30]}  h5 {[%clk 1:19:03]} 10. h3 {[%clk 1:32:19]}  Nh6 {[%clk 1:19:27]} 11. Nf3 {[%clk 1:30:01]}  e6 {[%clk 1:17:05]} 12. dxe6 {[%clk 1:27:47]}  Bxe6 {[%clk 1:16:43]} 13. Qc1 {[%clk 1:16:17]}  Re8 {[%clk 1:02:37]} 14. f5 {[%clk 1:11:07]}  Nxf5 {[%clk 1:02:40]} 15. exf5 {[%clk 1:09:53]}  Bxc4 {[%clk 1:02:53]} 16. fxg6 {[%clk 1:07:45]}  fxg6 {[%clk 0:55:13]} 17. Bg5 {[%clk 1:02:42]}  Qd7 {[%clk 0:53:06]} 18. Qc2 {[%clk 1:00:33]}  Qc6 {[%clk 0:47:49]} 19. Qxg6 {[%clk 0:45:12]}  Nd5 {[%clk 0:30:01]} 20. Bh6 {[%clk 0:42:03]}  Re7 {[%clk 0:16:41]} 21. O-O {[%clk 0:35:58]}  Nxc3 {[%clk 0:10:01]} 22. Bxc4+ {[%clk 0:35:54]}  Qxc4 {[%clk 0:10:23]} 23. Ng5 {[%clk 0:32:01]} 1-0

[Event "Classic Open"]
[Site "Estonia Resort Hotel & Spa conference center, Parnu, EE"]
[Date "2025.08.11"]
[Round "1"]
[White "Keinanen, Toivo"]
[Black "Pycha, Patrik"]
[Result "1-0"]
[Board "4"]
[WhiteFideId "509825"]
[BlackFideId "344630"]
[WhiteTitle "IM"]
[WhiteElo "2517"]
[BlackElo "2066"]
[WhiteTeam "FIN"]
[BlackTeam "CZE"]
[WhiteClock "0:51:51"]
[BlackClock "0:16:16"]
[Variant "Standard"]

1. c4 {[%clk 1:28:28]}  e6 {[%clk 1:30:15]} 2. g3 {[%clk 1:28:17]}  Nf6 {[%clk 1:29:03]} 3. Bg2 {[%clk 1:27:41]}  d5 {[%clk 1:28:27]} 4. Nf3 {[%clk 1:28:03]}  Be7 {[%clk 1:26:47]} 5. d4 {[%clk 1:26:44]}  O-O {[%clk 1:25:58]} 6. Qc2 {[%clk 1:27:11]}  c6 {[%clk 1:23:07]} 7. Nbd2 {[%clk 1:26:49]}  Nbd7 {[%clk 1:22:54]} 8. O-O {[%clk 1:27:03]}  b6 {[%clk 1:19:30]} 9. e4 {[%clk 1:26:41]}  dxe4 {[%clk 1:16:53]} 10. Nxe4 {[%clk 1:26:49]}  Nxe4 {[%clk 1:16:56]} 11. Qxe4 {[%clk 1:27:16]}  Bb7 {[%clk 1:17:04]} 12. Rd1 {[%clk 1:25:53]}  Nf6 {[%clk 1:12:31]} 13. Qc2 {[%clk 1:23:19]}  Qc7 {[%clk 1:09:12]} 14. Bf4 {[%clk 1:21:13]}  Bd6 {[%clk 1:09:05]} 15. Bxd6 {[%clk 1:21:32]}  Qxd6 {[%clk 1:09:26]} 16. c5 {[%clk 1:21:58]}  Qc7 {[%clk 0:58:55]} 17. Rac1 {[%clk 1:18:51]}  Rac8 {[%clk 0:52:45]} 18. Ne5 {[%clk 1:16:19]}  b5 {[%clk 0:38:15]} 19. Rd2 {[%clk 1:10:51]}  a5 {[%clk 0:37:17]} 20. a4 {[%clk 1:10:21]}  Nd5 {[%clk 0:34:57]} 21. Bxd5 {[%clk 1:06:31]}  exd5 {[%clk 0:35:14]} 22. axb5 {[%clk 1:06:50]}  cxb5 {[%clk 0:35:10]} 23. c6 {[%clk 1:06:55]}  Ba8 {[%clk 0:30:03]} 24. Qc5 {[%clk 1:00:30]}  Rfd8 {[%clk 0:27:46]} 25. Rdc2 {[%clk 0:55:36]}  b4 {[%clk 0:21:02]} 26. Nd7 {[%clk 0:53:48]}  b3 {[%clk 0:18:07]} 27. Rc3 {[%clk 0:53:59]}  a4 {[%clk 0:16:16]} 28. Nb6 {[%clk 0:51:51]} 1-0

[Event "Classic Open"]
[Site "Estonia Resort Hotel & Spa conference center, Parnu, EE"]
[Date "2025.08.11"]
[Round "1"]
[White "Milius, Ignas"]
[Black "Laurusas, Tomas"]
[Result "0-1"]
[Board "5"]
[WhiteFideId "12826618"]
[BlackFideId "12803731"]
[BlackTitle "GM"]
[WhiteElo "2065"]
[BlackElo "2500"]
[WhiteTeam "LTU"]
[BlackTeam "LTU"]
[WhiteClock "0:11:26"]
[BlackClock "0:22:18"]
[Variant "Standard"]

1. d4 {[%clk 1:30:57]}  Nf6 {[%clk 1:30:43]} 2. c4 {[%clk 1:31:16]}  e6 {[%clk 1:30:53]} 3. Nf3 {[%clk 1:31:39]}  b6 {[%clk 1:27:50]} 4. g3 {[%clk 1:31:55]}  Bb4+ {[%clk 1:28:05]} 5. Bd2 {[%clk 1:28:38]}  c5 {[%clk 1:28:17]} 6. Bg2 {[%clk 1:27:19]}  Bb7 {[%clk 1:28:19]} 7. O-O {[%clk 1:18:37]}  O-O {[%clk 1:27:23]} 8. d5 {[%clk 1:15:49]}  exd5 {[%clk 1:21:39]} 9. Bxb4 {[%clk 1:14:45]}  cxb4 {[%clk 1:21:58]} 10. Nh4 {[%clk 1:12:16]}  Qc7 {[%clk 1:15:05]} 11. cxd5 {[%clk 1:11:54]}  Qe5 {[%clk 1:15:29]} 12. e4 {[%clk 1:06:26]}  Nxe4 {[%clk 1:10:54]} 13. Nd2 {[%clk 1:00:56]}  Nd6 {[%clk 0:59:01]} 14. Re1 {[%clk 0:44:33]}  Qxb2 {[%clk 0:57:32]} 15. Ne4 {[%clk 0:39:25]}  Nxe4 {[%clk 0:57:30]} 16. Bxe4 {[%clk 0:38:54]}  Qf6 {[%clk 0:34:39]} 17. Qc2 {[%clk 0:33:16]}  g6 {[%clk 0:29:34]} 18. a3 {[%clk 0:20:31]}  Na6 {[%clk 0:26:17]} 19. axb4 {[%clk 0:18:54]}  Nxb4 {[%clk 0:26:40]} 20. Qc7 {[%clk 0:11:15]}  Bxd5 {[%clk 0:26:09]} 21. Rxa7 {[%clk 0:11:26]}  Rae8 {[%clk 0:22:18]} 0-1

[Event "Classic Open"]
[Site "Estonia Resort Hotel & Spa conference center, Parnu, EE"]
[Date "2025.08.11"]
[Round "1"]
[White "Poetsch, Hagen"]
[Black "Blokhin, Sofia"]
[Result "1-0"]
[Board "6"]
[WhiteFideId "24615137"]
[BlackFideId "4508190"]
[WhiteTitle "GM"]
[BlackTitle "WFM"]
[WhiteElo "2479"]
[BlackElo "2057"]
[WhiteTeam "GER"]
[BlackTeam "EST"]
[WhiteClock "0:35:03"]
[BlackClock "0:09:06"]
[Variant "Standard"]

1. e4 {[%clk 1:30:58]}  c5 {[%clk 1:30:55]} 2. Ne2 {[%clk 1:31:19]}  d6 {[%clk 1:31:19]} 3. g3 {[%clk 1:31:44]}  Nf6 {[%clk 1:31:38]} 4. Bg2 {[%clk 1:32:10]}  g6 {[%clk 1:32:00]} 5. c3 {[%clk 1:32:35]}  Bg7 {[%clk 1:32:02]} 6. d4 {[%clk 1:33:00]}  cxd4 {[%clk 1:31:29]} 7. cxd4 {[%clk 1:33:23]}  O-O {[%clk 1:31:19]} 8. Nbc3 {[%clk 1:33:25]}  Nc6 {[%clk 1:31:07]} 9. O-O {[%clk 1:33:10]}  Bd7 {[%clk 1:26:04]} 10. h3 {[%clk 1:29:52]}  Rb8 {[%clk 1:17:11]} 11. f4 {[%clk 1:12:05]}  b5 {[%clk 1:11:33]} 12. e5 {[%clk 1:11:35]}  Ne8 {[%clk 1:11:04]} 13. Be3 {[%clk 1:10:19]}  b4 {[%clk 1:05:53]} 14. Ne4 {[%clk 1:10:43]}  d5 {[%clk 0:59:54]} 15. Nc5 {[%clk 1:10:44]}  Nc7 {[%clk 0:58:57]} 16. Rc1 {[%clk 1:07:16]}  Na5 {[%clk 0:55:51]} 17. b3 {[%clk 1:04:15]}  Bb5 {[%clk 0:53:35]} 18. f5 {[%clk 1:03:57]}  Rb6 {[%clk 0:46:05]} 19. g4 {[%clk 1:03:10]}  Nc6 {[%clk 0:43:35]} 20. Rf2 {[%clk 0:58:54]}  Qc8 {[%clk 0:28:41]} 21. Nf4 {[%clk 0:54:53]}  gxf5 {[%clk 0:23:56]} 22. gxf5 {[%clk 0:54:29]}  Qxf5 {[%clk 0:23:46]} 23. Nh5 {[%clk 0:50:47]}  Qc8 {[%clk 0:18:50]} 24. Nxg7 {[%clk 0:41:56]}  Kxg7 {[%clk 0:19:08]} 25. Qh5 {[%clk 0:42:07]}  Nd8 {[%clk 0:15:25]} 26. e6 {[%clk 0:42:01]}  Ndxe6 {[%clk 0:15:07]} 27. Bh6+ {[%clk 0:41:09]}  Kg8 {[%clk 0:13:36]} 28. Nxe6 {[%clk 0:37:52]}  Qxe6 {[%clk 0:10:04]} 29. Bxf8 {[%clk 0:36:16]}  Kxf8 {[%clk 0:10:26]} 30. Qxh7 {[%clk 0:36:05]}  Ke8 {[%clk 0:09:48]} 31. Rxc7 {[%clk 0:35:47]}  Qe1+ {[%clk 0:10:03]} 32. Kh2 {[%clk 0:35:59]}  Kd8 {[%clk 0:09:06]} 33. Rcc2 {[%clk 0:35:03]} 1-0

[Event "Classic Open"]
[Site "Estonia Resort Hotel & Spa conference center, Parnu, EE"]
[Date "2025.08.11"]
[Round "1"]
[White "Platonovs, Nikolajs"]
[Black "Jakubowski, Krzysztof"]
[Result "1-0"]
[Board "7"]
[WhiteFideId "11622598"]
[BlackFideId "1112848"]
[BlackTitle "GM"]
[WhiteElo "2054"]
[BlackElo "2443"]
[WhiteTeam "LAT"]
[BlackTeam "POL"]
[WhiteClock "0:03:29"]
[BlackClock "0:06:28"]
[Variant "Standard"]

1. e4 {[%clk 1:30:57]}  c5 {[%clk 1:30:41]} 2. Nf3 {[%clk 1:31:19]}  e6 {[%clk 1:31:04]} 3. d4 {[%clk 1:31:43]}  cxd4 {[%clk 1:31:28]} 4. Nxd4 {[%clk 1:32:06]}  Nc6 {[%clk 1:31:50]} 5. Nc3 {[%clk 1:32:13]}  d6 {[%clk 1:32:06]} 6. Be3 {[%clk 1:31:53]}  Nf6 {[%clk 1:32:19]} 7. Be2 {[%clk 1:30:03]}  Be7 {[%clk 1:31:28]} 8. g4 {[%clk 1:26:58]}  Nxd4 {[%clk 1:27:58]} 9. Qxd4 {[%clk 1:23:17]}  e5 {[%clk 1:28:20]} 10. Qd1 {[%clk 1:23:37]}  h6 {[%clk 1:19:58]} 11. f3 {[%clk 1:19:58]}  Be6 {[%clk 1:13:34]} 12. Qd2 {[%clk 1:16:47]}  Qa5 {[%clk 1:10:34]} 13. h4 {[%clk 1:11:37]}  a6 {[%clk 1:08:08]} 14. a3 {[%clk 1:07:11]}  d5 {[%clk 0:59:11]} 15. exd5 {[%clk 1:05:17]}  Nxd5 {[%clk 0:59:34]} 16. Nxd5 {[%clk 1:04:39]}  Qxd2+ {[%clk 0:59:52]} 17. Bxd2 {[%clk 1:04:54]}  Bxd5 {[%clk 1:00:15]} 18. Rd1 {[%clk 1:02:52]}  Bc6 {[%clk 0:57:44]} 19. Kf2 {[%clk 1:01:54]}  O-O {[%clk 0:52:43]} 20. Bd3 {[%clk 0:57:09]}  Rad8 {[%clk 0:48:29]} 21. Be3 {[%clk 0:56:16]}  Rd6 {[%clk 0:46:59]} 22. Kg3 {[%clk 0:49:50]}  h5 {[%clk 0:34:48]} 23. Rhf1 {[%clk 0:42:04]}  Rfd8 {[%clk 0:31:05]} 24. Be2 {[%clk 0:35:34]}  Rg6 {[%clk 0:25:49]} 25. Rxd8+ {[%clk 0:34:09]}  Bxd8 {[%clk 0:26:06]} 26. g5 {[%clk 0:29:07]}  Bc7 {[%clk 0:26:30]} 27. f4 {[%clk 0:27:54]}  Bb5 {[%clk 0:26:51]} 28. c4 {[%clk 0:25:05]}  Ba4 {[%clk 0:26:04]} 29. b4 {[%clk 0:22:14]}  Rd6 {[%clk 0:13:57]} 30. fxe5 {[%clk 0:14:51]}  Rd7 {[%clk 0:12:06]} 31. Bf4 {[%clk 0:12:27]}  g6 {[%clk 0:12:18]} 32. e6 {[%clk 0:12:04]}  Bxf4+ {[%clk 0:08:48]} 33. Rxf4 {[%clk 0:12:04]}  fxe6 {[%clk 0:09:13]} 34. Rf6 {[%clk 0:12:21]}  Bc2 {[%clk 0:09:28]} 35. Rxe6 {[%clk 0:12:09]}  Rd2 {[%clk 0:08:39]} 36. Bf3 {[%clk 0:10:36]}  Bf5 {[%clk 0:09:03]} 37. Re7 {[%clk 0:10:43]}  Rd3 {[%clk 0:09:21]} 38. Kf4 {[%clk 0:09:50]}  Kf8 {[%clk 0:08:35]} 39. Rxb7 {[%clk 0:08:20]}  Rd4+ {[%clk 0:09:00]} 40. Ke5 {[%clk 0:07:29]}  Rxh4 {[%clk 0:09:20]} 41. Bd5 {[%clk 0:06:41]}  Rh3 {[%clk 0:08:40]} 42. Kf6 {[%clk 0:05:45]}  Ke8 {[%clk 0:08:22]} 43. Bf7+ {[%clk 0:05:00]}  Kd8 {[%clk 0:08:47]} 44. Bxg6 {[%clk 0:04:17]}  Bg4 {[%clk 0:08:49]} 45. Be4 {[%clk 0:02:37]}  Re3 {[%clk 0:09:04]} 46. Bd5 {[%clk 0:02:49]}  h4 {[%clk 0:05:15]} 47. g6 {[%clk 0:03:01]}  Bf3 {[%clk 0:05:37]} 48. g7 {[%clk 0:03:05]}  Bxd5 {[%clk 0:06:01]} 49. cxd5 {[%clk 0:03:25]}  Rf3+ {[%clk 0:06:28]} 50. Ke6 {[%clk 0:03:29]} 1-0

[Event "Classic Open"]
[Site "Estonia Resort Hotel & Spa conference center, Parnu, EE"]
[Date "2025.08.11"]
[Round "1"]
[White "Pidluznij, Gleb"]
[Black "Puusepp, Kaimar"]
[Result "1/2-1/2"]
[Board "8"]
[WhiteFideId "12817082"]
[BlackFideId "4502760"]
[WhiteTitle "FM"]
[BlackTitle "CM"]
[WhiteElo "2431"]
[BlackElo "2040"]
[WhiteTeam "LTU"]
[BlackTeam "EST"]
[WhiteClock "0:02:00"]
[BlackClock "0:31:34"]
[Variant "Standard"]

1. d4 {[%clk 1:30:56]}  g6 {[%clk 1:30:43]} 2. Nf3 {[%clk 1:31:17]}  Bg7 {[%clk 1:31:08]} 3. g3 {[%clk 1:31:38]}  Nf6 {[%clk 1:31:28]} 4. Bg2 {[%clk 1:32:00]}  O-O {[%clk 1:31:51]} 5. O-O {[%clk 1:32:25]}  d6 {[%clk 1:32:03]} 6. Nc3 {[%clk 1:32:25]}  c6 {[%clk 1:31:29]} 7. a4 {[%clk 1:32:26]}  Qc7 {[%clk 1:30:12]} 8. a5 {[%clk 1:30:37]}  e5 {[%clk 1:30:15]} 9. e4 {[%clk 1:25:27]}  Nbd7 {[%clk 1:30:15]} 10. Re1 {[%clk 1:09:32]}  Re8 {[%clk 1:30:02]} 11. b3 {[%clk 1:03:15]}  Rb8 {[%clk 1:28:06]} 12. dxe5 {[%clk 0:41:06]}  dxe5 {[%clk 1:27:06]} 13. Nd2 {[%clk 0:39:14]}  b5 {[%clk 1:25:17]} 14. axb6 {[%clk 0:38:51]}  axb6 {[%clk 1:23:28]} 15. Ba3 {[%clk 0:33:48]}  Bf8 {[%clk 1:22:26]} 16. Bf1 {[%clk 0:30:52]}  b5 {[%clk 1:21:38]} 17. Bxf8 {[%clk 0:28:13]}  Nxf8 {[%clk 1:21:44]} 18. Qc1 {[%clk 0:27:12]}  Ne6 {[%clk 1:20:33]} 19. Nd1 {[%clk 0:25:15]}  Rd8 {[%clk 1:18:37]} 20. Nb2 {[%clk 0:20:24]}  Bb7 {[%clk 1:06:33]} 21. b4 {[%clk 0:15:05]}  Ra8 {[%clk 1:06:28]} 22. Nd3 {[%clk 0:13:26]}  c5 {[%clk 1:05:09]} 23. bxc5 {[%clk 0:09:38]}  Nxc5 {[%clk 1:04:15]} 24. f3 {[%clk 0:08:49]}  Nxd3 {[%clk 0:58:04]} 25. Bxd3 {[%clk 0:08:55]}  Qc3 {[%clk 0:58:14]} 26. Rxa8 {[%clk 0:08:09]}  Bxa8 {[%clk 0:56:01]} 27. Nb3 {[%clk 0:05:41]}  Bc6 {[%clk 0:54:07]} 28. Kf2 {[%clk 0:04:26]}  Rc8 {[%clk 0:47:09]} 29. Qa1 {[%clk 0:04:34]}  Bd7 {[%clk 0:46:38]} 30. Qxc3 {[%clk 0:04:59]}  Rxc3 {[%clk 0:47:07]} 31. Rb1 {[%clk 0:03:03]}  Be6 {[%clk 0:46:42]} 32. Ke2 {[%clk 0:02:53]}  Rc7 {[%clk 0:44:12]} 33. Kd2 {[%clk 0:02:38]}  Bc4 {[%clk 0:44:10]} 34. Na5 {[%clk 0:01:39]}  g5 {[%clk 0:35:07]} 35. g4 {[%clk 0:01:14]}  h5 {[%clk 0:34:22]} 36. gxh5 {[%clk 0:01:27]}  Nxh5 {[%clk 0:34:12]} 37. Rb4 {[%clk 0:01:38]}  Bxd3 {[%clk 0:34:13]} 38. cxd3 {[%clk 0:01:47]}  Nf4 {[%clk 0:34:00]} 39. Rxb5 {[%clk 0:01:42]}  Rd7 {[%clk 0:34:05]} 40. Rb3 {[%clk 0:01:40]}  Ra7 {[%clk 0:33:19]} 41. Ra3 {[%clk 0:01:42]}  f6 {[%clk 0:33:17]} 42. Nc4 {[%clk 0:01:11]}  Rxa3 {[%clk 0:33:06]} 43. Nxa3 {[%clk 0:01:39]}  Kg7 {[%clk 0:33:08]} 44. Nb5 {[%clk 0:01:29]}  Kg6 {[%clk 0:33:16]} 45. d4 {[%clk 0:00:45]}  exd4 {[%clk 0:33:18]} 46. Nxd4 {[%clk 0:01:13]}  Kh5 {[%clk 0:33:26]} 47. Nf5 {[%clk 0:01:14]}  g4 {[%clk 0:32:15]} 48. Ke3 {[%clk 0:01:38]}  Ng2+ {[%clk 0:32:34]} 49. Kf2 {[%clk 0:02:02]}  gxf3 {[%clk 0:31:28]} 50. Kxf3 {[%clk 0:02:25]}  Ne1+ {[%clk 0:31:49]} 51. Kg3 {[%clk 0:00:54]}  Nd3 {[%clk 0:32:05]} 52. h3 {[%clk 0:00:42]}  Kg5 {[%clk 0:32:14]} 53. Nd4 {[%clk 0:00:37]}  Nc5 {[%clk 0:32:09]} 54. Nf3+ {[%clk 0:00:51]}  Kh5 {[%clk 0:32:33]} 55. Kf4 {[%clk 0:00:55]}  Kg6 {[%clk 0:32:37]} 56. Nh4+ {[%clk 0:00:47]}  Kh5 {[%clk 0:32:48]} 57. Nf3 {[%clk 0:00:43]}  Kg6 {[%clk 0:32:01]} 58. h4 {[%clk 0:00:37]}  Nd3+ {[%clk 0:31:35]} 59. Ke3 {[%clk 0:01:05]}  Nc5 {[%clk 0:30:40]} 60. Kf4 {[%clk 0:01:11]}  Nd3+ {[%clk 0:30:44]} 61. Kg3 {[%clk 0:00:52]}  Nc5 {[%clk 0:31:06]} 62. Nd2 {[%clk 0:00:44]}  Kh5 {[%clk 0:30:16]} 63. Kh3 {[%clk 0:01:03]}  Nd3 {[%clk 0:30:23]} 64. Kg3 {[%clk 0:01:16]}  Nc5 {[%clk 0:30:39]} 65. Kh3 {[%clk 0:01:36]}  Nd3 {[%clk 0:31:05]} 66. Kg3 {[%clk 0:02:00]}  Nc5 {[%clk 0:31:34]} 1/2-1/2

[Event "Classic Open"]
[Site "Estonia Resort Hotel & Spa conference center, Parnu, EE"]
[Date "2025.08.11"]
[Round "1"]
[White "Dijokas, Jokubas"]
[Black "Kopylov, Daniel"]
[Result "1/2-1/2"]
[Board "9"]
[WhiteFideId "12840653"]
[BlackFideId "12921971"]
[BlackTitle "IM"]
[WhiteElo "2037"]
[BlackElo "2421"]
[WhiteTeam "LTU"]
[BlackTeam "GER"]
[WhiteClock "0:01:53"]
[BlackClock "0:03:19"]
[Variant "Standard"]

1. e4 {[%clk 1:30:56]}  c5 {[%clk 1:28:02]} 2. c3 {[%clk 1:31:13]}  d5 {[%clk 1:27:49]} 3. exd5 {[%clk 1:31:35]}  Qxd5 {[%clk 1:28:10]} 4. d4 {[%clk 1:32:02]}  Nf6 {[%clk 1:28:02]} 5. Nf3 {[%clk 1:32:03]}  Nc6 {[%clk 1:24:36]} 6. Be2 {[%clk 1:30:45]}  e6 {[%clk 1:21:29]} 7. O-O {[%clk 1:29:45]}  Be7 {[%clk 1:21:25]} 8. Be3 {[%clk 1:24:20]}  cxd4 {[%clk 1:21:13]} 9. Nxd4 {[%clk 1:23:01]}  Nxd4 {[%clk 1:15:53]} 10. cxd4 {[%clk 1:18:32]}  O-O {[%clk 1:11:06]} 11. Nc3 {[%clk 1:17:01]}  Qd6 {[%clk 1:09:18]} 12. Bf3 {[%clk 1:13:36]}  Bd7 {[%clk 1:04:16]} 13. Qb3 {[%clk 0:59:09]}  Bc6 {[%clk 1:01:57]} 14. Bxc6 {[%clk 0:59:25]}  Ng4 {[%clk 0:50:03]} 15. g3 {[%clk 0:57:52]}  bxc6 {[%clk 0:47:31]} 16. Ne4 {[%clk 0:52:31]}  Qd5 {[%clk 0:43:51]} 17. Qxd5 {[%clk 0:52:36]}  cxd5 {[%clk 0:42:45]} 18. Nd2 {[%clk 0:46:12]}  a5 {[%clk 0:39:22]} 19. Rac1 {[%clk 0:44:01]}  Rfc8 {[%clk 0:24:30]} 20. Nb3 {[%clk 0:33:23]}  Rcb8 {[%clk 0:15:26]} 21. Bf4 {[%clk 0:29:06]}  Rb5 {[%clk 0:14:27]} 22. Rc7 {[%clk 0:24:37]}  Bd8 {[%clk 0:09:59]} 23. Rc2 {[%clk 0:24:05]}  g5 {[%clk 0:07:22]} 24. Bd2 {[%clk 0:21:56]}  h6 {[%clk 0:07:37]} 25. Nc5 {[%clk 0:19:32]}  Be7 {[%clk 0:02:17]} 26. Nd3 {[%clk 0:19:23]}  Nf6 {[%clk 0:01:58]} 27. f3 {[%clk 0:18:18]}  Ne8 {[%clk 0:02:17]} 28. Ne5 {[%clk 0:15:09]}  Nd6 {[%clk 0:02:14]} 29. f4 {[%clk 0:13:31]}  Nf5 {[%clk 0:01:01]} 30. b3 {[%clk 0:05:17]}  Rb7 {[%clk 0:00:51]} 31. Nc6 {[%clk 0:04:08]}  g4 {[%clk 0:00:45]} 32. Rfc1 {[%clk 0:01:03]}  a4 {[%clk 0:00:54]} 33. Nxe7+ {[%clk 0:00:49]}  Rxe7 {[%clk 0:00:45]} 34. Rc8+ {[%clk 0:00:45]}  Re8 {[%clk 0:00:46]} 35. Rxe8+ {[%clk 0:00:47]}  Rxe8 {[%clk 0:01:14]} 36. bxa4 {[%clk 0:00:56]}  Nxd4 {[%clk 0:01:13]} 37. Kf2 {[%clk 0:00:42]}  Rb8 {[%clk 0:01:41]} 38. Bc3 {[%clk 0:00:39]}  Nf5 {[%clk 0:02:10]} 39. Be5 {[%clk 0:00:38]}  Ra8 {[%clk 0:02:22]} 40. h3 {[%clk 0:00:34]}  gxh3 {[%clk 0:02:30]} 41. g4 {[%clk 0:00:48]}  Ne7 {[%clk 0:02:36]} 42. Kg3 {[%clk 0:00:36]}  Rxa4 {[%clk 0:01:58]} 43. Bd6 {[%clk 0:00:47]}  Ng6 {[%clk 0:01:52]} 44. f5 {[%clk 0:00:54]}  exf5 {[%clk 0:01:51]} 45. gxf5 {[%clk 0:01:20]}  Nh4 {[%clk 0:02:15]} 46. Rf1 {[%clk 0:01:08]}  Kg7 {[%clk 0:00:49]} 47. Be7 {[%clk 0:00:56]}  Ng2 {[%clk 0:00:40]} 48. Kxh3 {[%clk 0:00:40]}  Nf4+ {[%clk 0:01:09]} 49. Kg3 {[%clk 0:00:42]}  Ne2+ {[%clk 0:01:14]} 50. Kf3 {[%clk 0:00:42]}  Rxa2 {[%clk 0:00:52]} 51. Ke3 {[%clk 0:00:48]}  f6 {[%clk 0:00:32]} 52. Bc5 {[%clk 0:00:36]}  Kf7 {[%clk 0:00:36]} 53. Rf2 {[%clk 0:00:36]}  Ra5 {[%clk 0:00:33]} 54. Rxe2 {[%clk 0:00:35]}  Rxc5 {[%clk 0:01:02]} 55. Kd4 {[%clk 0:00:56]}  Ra5 {[%clk 0:01:12]} 56. Rh2 {[%clk 0:01:07]}  Kg7 {[%clk 0:00:38]} 57. Rg2+ {[%clk 0:01:25]}  Kf7 {[%clk 0:00:38]} 58. Rh2 {[%clk 0:01:51]}  Ra4+ {[%clk 0:00:32]} 59. Kxd5 {[%clk 0:02:05]}  Rf4 {[%clk 0:00:58]} 60. Rxh6 {[%clk 0:02:15]}  Rxf5+ {[%clk 0:01:27]} 61. Ke4 {[%clk 0:02:19]}  Rf1 {[%clk 0:01:55]} 62. Ke3 {[%clk 0:02:20]}  Ke6 {[%clk 0:02:17]} 63. Rh5 {[%clk 0:02:15]}  f5 {[%clk 0:02:39]} 64. Ke2 {[%clk 0:02:05]}  Ra1 {[%clk 0:02:54]} 65. Rh8 {[%clk 0:02:14]}  Ke5 {[%clk 0:03:19]} 66. Rh4 {[%clk 0:01:53]} 1/2-1/2